[Event "IECC M1-2008.T04"]
[Site "IECC email"]
[Date "2008.01.09"]
[Round "?"]
[White "Blanc, Nicolas"]
[Black "Von Rosenberg, Clemens"]
[Result "1-0"]
[WhiteElo "1350"]
[BlackElo "1599"]
[PlyCount "129"]
[EventDate "2008.??.??"]
[EventType "match (corr)"]
[EventRounds "2"]
[SourceTitle "Corr 2013"]
[Source "ChessBase"]
[SourceDate "2012.11.12"]
[SourceVersion "1"]
[SourceVersionDate "2012.11.12"]
[SourceQuality "1"]
[WhiteTeam "Hungary"]
[BlackTeam "South Africa"]
[WhiteTeamCountry "HUN"]
[BlackTeamCountry "RSA"]

1. e4 c5 2. Nf3 d6 3. d4 cxd4 4. Nxd4 Nf6 5. f3 e5 6. Bb5+ Nbd7 7. Nf5 d5 8. exd5 a6 9. Ba4 b5 10. Bb3 Nb6 11. Ne3 Bb7 12. Nc3 b4 13. Na4 Nbxd5 14. 0-0 Be7 15. Re1 Nxe3 16. Bxe3 Nd7 17. Qe2 0-0 18. Rad1 Qc7 19. c3 Rac8 20. Rc1 bxc3 21. Rxc3 Qa5 22. Rec1 Rxc3 23. Nxc3 Bc5 24. Bxc5 Nxc5 25. Bd5 Nd7 26. Bxb7 Qb6+ 27. Kf1 Qxb7 28. Ne4 Rc8 29. Rxc8+ Qxc8 30. Qd2 Qc4+ 31. Ke1 Qc6 32. b4 f5 33. Qc3 Qxc3+ 34. Nxc3 Kf7 35. a4 Ke6 36. Kd2 g5 37. Kd3 Nb6 38. a5 Nd5 39. b5 axb5 40. Nxb5 Kd7 41. Kc4 Kc6 42. Na7+ Kd6 43. a6 g4 44. Nc8+ Kc6 45. a7 Nc7 46. Ne7+ Kb7 47. Nxf5 gxf3 48. gxf3 Kxa7 49. Kc5 Ne6+ 50. Kd5 Ng5 51. Nh4 Nf7 52. Ke6 Nd8+ 53. Kxe5 Kb6 54. f4 Kc7 55. Kf6 Kd7 56. f5 Nb7 57. Kg7 Nd6 58. Kxh7 Ke7 59. Kg6 Kf8 60. f6 Nf7 61. Nf3 Kg8 62. Ng5 Ne5+ 63. Kf5 Nc6 64. h4 Kh8 65. h5 1-0